000 00389cam a22001691 4500
999 _c15426
_d15426
082 _a808
100 1 _aShaw, Harry, 1905-
245 1 0 _aMcGraw-Hill handbook of English
250 _a2d. ed.
260 _aNew York,
_bMcGraw-Hill
_c1960
300 _a500 p.
650 0 _aEnglish language
650 0 _aEnglish language
700 1 _aShaffer, Virginia,
942 _cBK
040 _cFM